[Event "Hastings op9394"]
[Site "Hastings"]
[Date "1993.??.??"]
[Round "?"]
[White "Polgar, Sofia"]
[Black "Plaskett, Jim"]
[Result "1/2-1/2"]
[WhiteElo "2415"]
[BlackElo "2465"]

1.e4 c5 2.Nf3 d6 3.d4 cxd4 4.Nxd4 Nf6 5.Nc3 a6 6.f4 e6 7.Qf3 Qb6 8.Nb3 Nc6
9.Be3 Qc7 10.O-O-O b5 11.g4 Bb7 12.g5 Nd7 13.Bd3 Nc5 14.Kb1 Nb4 15.f5 O-O-O
16.fxe6 fxe6 17.Nxc5 dxc5 18.Be2 Bd6 19.a3 Nc6 20.Bxb5 Nd4 21.Bxd4 cxd4 22.Rxd4 axb5
23.Nxb5 Qb6 24.Qb3 Be7 25.Qc3+ Bc6 26.Rc4 Kb7 27.Nd4 Bxe4 28.Re1 Bd5 29.Nxe6 Bxe6
30.Qf3+ Rd5 31.Rce4 Rf8 32.Qc3 Rc5 33.Qxg7 Rf7 34.Qd4 Rc6 35.Qxb6+ Rxb6 36.Rxe6 Bxg5
37.Rxb6+ Kxb6 38.Re5 h6 39.h4 Bxh4 40.Re6+ Kb7 41.Rxh6 Rf1+ 42.Ka2 Bf6 43.Rh5 Kb6  1/2-1/2

[Event "Hastings op9394"]
[Site "Hastings"]
[Date "1993.??.??"]
[Round "?"]
[White "Polgar, Sofia"]
[Black "Gallagher, Joseph G"]
[Result "1-0"]
[WhiteElo "2415"]
[BlackElo "2500"]

1.e4 c5 2.Nf3 d6 3.d4 cxd4 4.Nxd4 Nf6 5.Nc3 a6 6.f4 Nbd7 7.Be2 g6 8.Nf3 Qc7
9.a4 Bg7 10.Qd4 O-O 11.e5 Ne8 12.Nd5 Qd8 13.Be3 Nc7 14.Rd1 Ne6 15.Qb4 a5
16.Qa3 Nc7 17.Nb6 Nxb6 18.Bxb6 Qd7 19.exd6 exd6 20.O-O Ne6 21.Ne5 Qe7 22.Bc4 Nxf4
23.Nxf7 Be6 24.Rxf4 Bxc4 25.Rxc4 Qxf7 26.Qd3 Ra6 27.Rc7 Qf6 28.Be3 Qe6 29.Rxb7 Raa8
30.Bd4 Bf6 31.h3 Rae8 32.Bxf6 Rxf6 33.Qd5 Qxd5 34.Rxd5 Re2 35.Rxa5 Rxc2 36.Ra8+ Rf8
37.Rxf8+ Kxf8 38.a5  1-0

[Event "Hastings op9394"]
[Site "Hastings"]
[Date "1993.??.??"]
[Round "?"]
[White "Krasenkow, Michal"]
[Black "Polgar, Sofia"]
[Result "1-0"]
[WhiteElo "2560"]
[BlackElo "2415"]

1.c4 e6 2.g3 d5 3.Bg2 dxc4 4.Qa4+ Nd7 5.Qxc4 c5 6.Nc3 Ngf6 7.Qb3 Rb8 8.d3 a6
9.Bf4 e5 10.Be3 Bd6 11.Nf3 Nf8 12.O-O Ne6 13.Nd2 O-O 14.Nde4 Nxe4 15.dxe4 b5
16.Nd5 Nd4 17.Qd1 Bg4 18.Re1 a5 19.Rc1 a4 20.Qd2 Be6 21.Red1 Qd7 22.Bxd4 exd4
23.e5 Bxd5 24.Bxd5 Be7 25.e4 Kh8 26.b3 axb3 27.axb3 f5 28.exf6 Rxf6 29.f4 Ra6
30.Ra1 Qa7 31.Qb2 Rxa1 32.Rxa1 Qb6 33.Kg2 Rd8 34.Qe2 h6 35.Ra2 Bf6 36.Ra8 Rxa8
37.Bxa8 Qa5 38.Bd5 Be7 39.e5 Qc3 40.Qh5 Qc2+ 41.Kh3 Kh7 42.f5  1-0

[Event "Hastings op9394"]
[Site "Hastings"]
[Date "1993.??.??"]
[Round "?"]
[White "Mortensen, Erling"]
[Black "Polgar, Sofia"]
[Result "1/2-1/2"]
[WhiteElo "2445"]
[BlackElo "2415"]

1.e4 c5 2.Nf3 d6 3.d4 cxd4 4.Nxd4 Nf6 5.Nc3 a6 6.f4 Nbd7 7.Nf3 Qc7 8.a4 e5
9.Bd3 Be7 10.O-O O-O 11.Nh4 d5 12.Nf5 Bc5+ 13.Kh1 dxe4 14.Bxe4 Bb4 15.fxe5 Bxc3
16.exf6 Nxf6 17.Bd3 Be5 18.Bg5 Bxf5 19.Rxf5 Nd7 20.Qg4 Bxb2 21.Rb1 Bc3 22.Qh4 g6
23.Be7 Ne5 24.Bxf8 gxf5 25.Bh6 Nxd3 26.cxd3 Qd6 27.Qg3+ Qxg3 28.hxg3 Be5
29.Bf4 Bxf4 30.gxf4 Rd8 31.Rxb7 Rd4 32.a5 Rd5 33.Ra7 Rxa5 34.d4 Kg7 35.Kh2 Kf6
36.d5 Ra4 37.g3 a5 38.Kh3 Ra1 39.d6 a4 40.d7 Ke7 41.Kg2 Kd8 42.Kh2 a3 43.Kg2 Ra2+
44.Kg1 f6 45.Kh1 Ra1+ 46.Kg2 Ra2+ 47.Kh1  1/2-1/2

[Event "Sportland NRW-Cup"]
[Site "Muenster"]
[Date "1993.??.??"]
[Round "3"]
[White "Kindermann, Stefan"]
[Black "Polgar, Sofia"]
[Result "1-0"]
[WhiteElo "2520"]
[BlackElo "2430"]

1.e4 c5 2.Nf3 e6 3.d4 cxd4 4.Nxd4 a6 5.Bd3 Bc5 6.Nb3 Ba7 7.Nc3 Nc6 8.Qe2 Nge7
9.Be3 Qc7 10.f4 d6 11.Bxa7 Rxa7 12.O-O b5 13.Rae1 b4 14.Nd1 O-O 15.Ne3 d5
16.e5 f5 17.exf6 Rxf6 18.Qh5 g6 19.Qg5 Rf7 20.Ng4 Kh8 21.Kh1 Nf5 22.Ne5 Nxe5
23.Rxe5 Kg7 24.Rfe1 Qb6 25.Bxf5 exf5 26.h4 h5 27.c3 bxc3 28.bxc3 Qc6 29.Nd4 Qxc3
30.Re6 Bxe6 31.Rxe6 Kf8 32.Qd8+ Kg7 33.Qg5 Kf8 34.Rxg6 Qe1+ 35.Kh2 Rg7 36.Qd8+  1-0

[Event "Sportland NRW-Cup"]
[Site "Muenster"]
[Date "1993.??.??"]
[Round "4"]
[White "Polgar, Sofia"]
[Black "Unzicker, Wolfgang"]
[Result "1-0"]
[WhiteElo "2430"]
[BlackElo "2450"]

1.e4 e5 2.Nf3 Nc6 3.Bb5 a6 4.Ba4 Nf6 5.O-O Be7 6.Re1 b5 7.Bb3 O-O 8.c3 d6
9.h3 Na5 10.Bc2 c5 11.d4 Qc7 12.Nbd2 Bd7 13.Nf1 Nc4 14.b3 Nb6 15.Bg5 c4 16.b4 a5
17.a3 axb4 18.axb4 Rxa1 19.Qxa1 Ra8 20.Qc1 Ra2 21.Bb1 Ra1 22.Qb2 Ra8 23.Ng3 h6
24.Be3 Ra6 25.Qc2 Nh7 26.Qd2 Be8 27.Nh2 Bg5 28.f4 Bh4 29.Bf2 exf4 30.Nh5 Bxf2+
31.Kxf2 f6 32.Nxf4 Bf7 33.Nf3 Nd7 34.Nh4 Nhf8 35.Nd5 Qd8 36.Nf5 Nb6 37.Nde7+ Kh8
38.Nxg7  1-0

[Event "Sportland NRW-Cup"]
[Site "Muenster"]
[Date "1993.??.??"]
[Round "5"]
[White "Libeau, Rene"]
[Black "Polgar, Sofia"]
[Result "1/2-1/2"]
[WhiteElo "2425"]
[BlackElo "2430"]

1.c4 e5 2.Nc3 Nf6 3.Nf3 Nc6 4.a3 d5 5.d4 exd4 6.Nxd4 Ne5 7.cxd5 Nxd5 8.Ndb5 Nxc3
9.Qxd8+ Kxd8 10.Nxc3 Bd6 11.Nb5 Bd7 12.Nxd6 cxd6 13.Be3 Ke7 14.Bd4 f6 15.e3 Rhc8
16.f4 Nc6 17.Bc3 Bf5 18.g4 Be4 19.Rg1 Kf7 20.Rd1 d5 21.Kf2 Rc7 22.h4 Nd8
23.Bd3 Ne6 24.Bxe4 dxe4 25.g5 Nc5 26.gxf6 gxf6 27.Rd6 Rc6 28.Rxc6 bxc6 29.h5 Rd8
30.Bd4 Ne6 31.Rc1 Nxd4 32.exd4 Rxd4 33.Ke3 Rd5 34.Rxc6 Rxh5 35.Kxe4 Rb5 36.Rc7+ Ke6
37.Rxh7 f5+ 38.Kd4 Rxb2 39.Rxa7 Re2 40.Ra6+ Kd7 41.Rf6  1/2-1/2

[Event "Sportland NRW-Cup"]
[Site "Muenster"]
[Date "1993.??.??"]
[Round "6"]
[White "Polgar, Sofia"]
[Black "Hoffmann, Michael"]
[Result "1/2-1/2"]
[WhiteElo "2430"]
[BlackElo "2455"]

1.e4 c5 2.Nf3 d6 3.d4 cxd4 4.Nxd4 Nf6 5.Nc3 g6 6.Be3 Bg7 7.f3 Nc6 8.Qd2 O-O
9.g4 Be6 10.O-O-O Nxd4 11.Bxd4 Qa5 12.a3 Rab8 13.h4 b5 14.Nd5 Qxd2+ 15.Rxd2 Bxd5
16.exd5 Rb7 17.b3 Nd7 18.Bxg7 Kxg7 19.f4 a6 20.Bh3 Rc7 21.Kb2 Nb6 22.h5 Rc5
23.Bg2 Re8 24.Bf3 a5 25.g5 Rec8 26.Be4 Re8 27.Rdh2 Rg8 28.hxg6 hxg6 29.c3 a4
30.b4 Rc4 31.Rh7+ Kf8 32.Re1 Rc7 33.Re2 Nc4+ 34.Ka2 Nb6 35.Rh3 Kg7 36.Kb2 Rh8
37.Rxh8 Kxh8 38.Bd3 Nxd5 39.Rc2 Nxf4 40.Bxb5 Ne6 41.Bxa4 Nxg5 42.Bb3 Kg7
43.a4 e6 44.Rc1 Ne4 45.a5 d5 46.c4 dxc4 47.Rxc4 Rxc4 48.Bxc4 Nd6 49.Bf1 Kf6
50.b5 Ke7 51.b6 Kd7 52.a6 Nc8 53.Bb5+ Kd6 54.b7 Kc7 55.Be8 Nd6 56.Bc6 Kb8
57.Kc3 e5 58.Kb4 Nxb7 59.axb7 f5 60.Kb5 e4  1/2-1/2

[Event "Sportland NRW-Cup"]
[Site "Muenster"]
[Date "1993.??.??"]
[Round "9"]
[White "Polgar, Sofia"]
[Black "Smyslov, Vassily"]
[Result "1/2-1/2"]
[WhiteElo "2430"]
[BlackElo "2520"]

1.e4 e5 2.Nf3 Nc6 3.d4 exd4 4.Nxd4 Bc5 5.Be3 Qf6 6.c3 Nge7 7.Bc4 Ne5 8.Be2 d5
9.O-O dxe4 10.Nb5 Bd6 11.c4 N5c6 12.N1c3 O-O 13.Nxe4 Bxh2+ 14.Kxh2 Qh4+ 15.Kg1 Qxe4
16.Nxc7 Rb8 17.Nd5 Bf5 18.Bc5 Rfe8 19.Ne3 Rbd8 20.Qa4 Qe5 21.Bxe7 Rxe7 22.Rfd1 Red7
23.Bf3 Nd4 24.Bd5 b5 25.Qa5 Be6 26.Qd2 Nf5 27.Re1 Nxe3 28.Rxe3 Qf6 29.Qe2 Rd6
30.Bxe6 fxe6 31.Rf3 Rd2 32.Qe4 Qg6 33.Qxg6 hxg6 34.cxb5 Rxb2 35.Re1 Rxb5
36.Rxe6 Rf5 37.Rxf5 gxf5 38.Ra6 Rd7 39.f4 Kf7 40.Kf2 g6 41.Kg3 Kg7 42.Kh4 Kh6
43.g4 fxg4 44.f5 Rg7 45.Kxg4 Kh7 46.a4 gxf5+ 47.Kxf5 Kg8 48.Rc6 Kf7 49.a5 Ke8
50.Ke6  1/2-1/2

[Event "Sportland NRW-Cup"]
[Site "Muenster"]
[Date "1993.??.??"]
[Round "10"]
[White "Schaefer, Markus"]
[Black "Polgar, Sofia"]
[Result "1/2-1/2"]
[WhiteElo "2455"]
[BlackElo "2430"]

1.e4 c5 2.Nf3 e6 3.d4 cxd4 4.Nxd4 Nf6 5.Nc3 d6 6.Be2 Be7 7.O-O O-O 8.f4 Nc6
9.Be3 Qc7 10.Qe1 a6  1/2-1/2

[Event "Sportland NRW-Cup"]
[Site "Muenster"]
[Date "1993.??.??"]
[Round "11"]
[White "Polgar, Sofia"]
[Black "Edelman, Daniel"]
[Result "0-1"]
[WhiteElo "2430"]
[BlackElo "2415"]

1.e4 c5 2.Nf3 Nc6 3.d4 cxd4 4.Nxd4 g6 5.c4 Bg7 6.Be3 Nf6 7.Nc3 O-O 8.Be2 b6
9.Nxc6 dxc6 10.Qc2 Ng4 11.Bg5 Qd4 12.Bh4 Qc5 13.h3 Ne5 14.O-O g5 15.Bxg5 Nf3+
16.Bxf3 Qxg5 17.Qc1 Qg6 18.Kh1 Kh8 19.Qe3 Be5 20.Be2 Rg8 21.g4 c5 22.f4 Bd4
23.Qf3 Bb7 24.Nd5 Qh6 25.g5 Qd6 26.Rad1 Bxb2 27.e5 Qd7 28.Bd3 e6 29.Bxh7 Rg7
30.Be4 exd5 31.cxd5 Bd4 32.f5 Rxg5 33.h4 Rg7 34.e6 fxe6 35.dxe6 Bxe4 36.Qxe4 Qb7
37.Qxb7 Rxb7 38.f6 Kg8 39.Rd3 Rh7 40.Rf4 Kf8 41.Rg3 Be5 42.f7 Rh8 43.e7+ Kxe7
44.Re4 Rxh4+ 45.Rxh4 Bxg3 46.Rh7 Rf8  0-1

[Event "Maccabiah"]
[Site "Netanya"]
[Date "1993.??.??"]
[Round "1"]
[White "Polgar, Sofia"]
[Black "Oratovsky, Michael"]
[Result "0-1"]
[WhiteElo "2430"]
[BlackElo "2420"]

1.e4 c5 2.Nf3 e6 3.d4 cxd4 4.Nxd4 a6 5.Nc3 b5 6.Bd3 Qb6 7.Nb3 Qc7 8.Be3 Bb7
9.f4 Nf6 10.O-O d6 11.a3 Nbd7 12.Qf3 h5 13.h3 Be7 14.Qf2 h4 15.f5 e5 16.Bg5 Ng4
17.Qd2 Bxg5 18.Qxg5 Ngf6 19.Rfe1 Ke7 20.Kh2 Rag8 21.Rad1 g6 22.Nd5+ Bxd5
23.exd5 Rh5 24.Qd2 gxf5 25.Nd4 f4 26.Nc6+ Kf8 27.Be2 Rhg5 28.Bf3 R8g6 29.b3 Nc5
30.b4 e4 31.bxc5 exf3 32.gxf3 Rxd5 33.Qxf4 Qxc6 34.Rxd5 Qxd5  0-1

[Event "Maccabiah"]
[Site "Netanya"]
[Date "1993.??.??"]
[Round "2"]
[White "Polgar, Sofia"]
[Black "Kaspi, Alexander"]
[Result "1/2-1/2"]
[WhiteElo "2430"]
[BlackElo "2415"]

1.e4 d5 2.exd5 Qxd5 3.Nc3 Qa5 4.d4 Nf6 5.Nf3 c6 6.Ne5 Bf5 7.Bf4 e6 8.Be2 Bb4
9.O-O O-O 10.Nc4 Qd8 11.Bf3 Nd5 12.Bd2 Be7 13.Re1 Na6 14.Ne5 Nf6 15.Ne2 Nb4
16.Bxb4 Bxb4 17.c3 Bd6 18.Ng3 Bg6 19.h4 Qc7 20.h5 Bf5 21.Nxf5 exf5 22.Qd3 g6
23.Re2 Kg7 24.Rae1 Rfe8 25.c4 Bb4 26.Rc1 Rad8 27.Qe3 Ng8 28.Qb3 Be7 29.Qc3 Bf6
30.Rce1 Re7 31.g3 Qd6 32.d5 c5 33.hxg6 fxg6 34.Bg2 Rde8 35.f4 Nh6 36.Bf3 Nf7
37.Nxf7 Kxf7 38.Qc2 Rxe2 39.Rxe2  1/2-1/2

[Event "Maccabiah"]
[Site "Netanya"]
[Date "1993.??.??"]
[Round "3"]
[White "Stisis, Yaacov"]
[Black "Polgar, Sofia"]
[Result "1/2-1/2"]
[WhiteElo "2350"]
[BlackElo "2430"]

1.e4 c5 2.Nf3 e6 3.d4 cxd4 4.Nxd4 a6 5.Bd3 Bc5 6.Nb3 Ba7 7.Qe2 Nc6 8.Be3 Nge7
9.Bxa7 Rxa7 10.a4 d5 11.N1d2 O-O 12.O-O e5 13.f4 exf4 14.Rxf4 Ng6 15.Rff1 d4
16.Bc4 Nge5 17.Bd5 Qc7 18.h3 Ra8 19.Nf3 Nxf3+ 20.Rxf3 Be6 21.Rf2 Qe5 22.Bxe6 Qxe6
23.Rd1 Rfd8 24.Qf3 Rac8 25.Rfd2 Qc4 26.Qf2 d3 27.Rxd3 Rxd3 28.Rxd3 Qxa4 29.Qf5 Re8
30.Rd7 Ne7 31.Nc5 Qa1+ 32.Qf1 Qxb2 33.Nxb7 Qxc2 34.Nd6 Rf8 35.Qxa6 Ng6 36.Qb6 Nf4
37.Qf2 Qc1+ 38.Kh2 Qc6 39.Qa7 Qc2 40.Qg1 Qe2 41.Nf5 Qxe4 42.Ng3 Qc2 43.Qf1 Qc6
44.Rd2 Qc7 45.Qa6 h5 46.Qd6 Qxd6 47.Rxd6 g6 48.Rd4 Ne6 49.Rd7 h4 50.Ne2 Kg7
51.Ng1 Ra8 52.Nf3 Ra4 53.Rb7 Re4 54.Rd7 g5 55.Rd2 Kg6 56.Ra2 Re3 57.Ng1 Nd4
58.Rd2 Nf5 59.Ra2 f6 60.Rb2 Re1 61.Ra2 Ng3 62.Rb2 Ra1 63.Rc2 Kf5 64.Rb2 Ke5
65.Rb8 f5 66.Re8+ Kf6 67.Rf8+ Kg7 68.Rb8 Nf1+ 69.Kh1 Ng3+ 70.Kh2 Nf1+ 71.Kh1 Ne3
72.Rb3 Re1 73.Rb2 Nf1 74.Rb6 g4 75.hxg4 fxg4 76.Rb4 Ne3 77.g3 h3 78.Rxg4+ Nxg4  1/2-1/2

[Event "Maccabiah"]
[Site "Netanya"]
[Date "1993.??.??"]
[Round "4"]
[White "Polgar, Sofia"]
[Black "Manor, Ilan"]
[Result "1/2-1/2"]
[WhiteElo "2350"]
[BlackElo "2430"]

1.e4 Nc6 2.d4 e5 3.dxe5 Nxe5 4.Nc3 Bc5 5.Be2 Nh6 6.Nh3 c6 7.Nf4 O-O 8.Nd3 Bd4
9.Nxe5 Bxe5 10.O-O f5 11.Bxh6 gxh6 12.exf5 d5 13.Bd3 Bxf5 14.Qe2 Qf6 15.Bxf5 Qxf5
16.Rae1 Rae8 17.Qd1 Qf4 18.g3 Qf6 19.Qg4+ Qg6 20.Qd7 Qg7 21.Qxg7+ Kxg7 22.Nd1 Bd4
23.Ne3 Bxe3 24.fxe3 Rxf1+ 25.Kxf1 Re4  1/2-1/2

[Event "Maccabiah"]
[Site "Netanya"]
[Date "1993.??.??"]
[Round "5"]
[White "D'Israel, Davy"]
[Black "Polgar, Sofia"]
[Result "0-1"]
[WhiteElo "2285"]
[BlackElo "2430"]

1.e4 c5 2.c3 d5 3.exd5 Qxd5 4.d4 Nc6 5.Nf3 Bg4 6.Be2 e6 7.O-O Nf6 8.Na3 Be7
9.Nb5 Qd8 10.dxc5 Bxc5 11.Qa4 O-O 12.Bg5 Bh5 13.Rad1 Qe7 14.Qh4 Bg6 15.b4 Bb6
16.Nd6 Rfd8 17.Nc4 Bc7 18.b5 Na5 19.Nce5 Bf5 20.Qb4 Qf8 21.Bxf6 gxf6 22.Nd7 Qh6
23.Rd4 Kg7 24.Rh4 Qg6 25.Rd1 e5 26.Nc5 Rxd1+ 27.Bxd1 Bd6 28.Ne6+ Bxe6 29.Qxd6 Nc4
30.Qb4 Qd3 31.Ba4 Nd2 32.Nxd2 Qxd2 33.Qb1 Bf5 34.Qd1 Qxc3 35.h3 Rc8 36.Qh5 Qe1+
37.Kh2 Bg6 38.Qh6+ Kg8 39.Bb3 Qxf2 40.Rg4 Qf5 41.Bd5 b6 42.Bf3 Qe6  0-1

[Event "Maccabiah"]
[Site "Netanya"]
[Date "1993.??.??"]
[Round "8"]
[White "Polgar, Sofia"]
[Black "Maryasin, Boris"]
[Result "1/2-1/2"]
[WhiteElo "2430"]
[BlackElo "2380"]

1.e4 c5 2.Nf3 Nc6 3.d4 cxd4 4.Nxd4 Qb6 5.Nb3 Nf6 6.Nc3 e6 7.Bd3 a6 8.f4 d6
9.Qf3 Qc7 10.Be3 Rb8 11.g4 b5 12.g5 Nd7 13.O-O g6 14.h4 Bg7 15.h5 O-O 16.hxg6 fxg6
17.Qh3 Rf7 18.f5 exf5 19.Nd5 Qb7 20.exf5 Nde5 21.Be4 gxf5 22.Bxf5 Rxf5 23.Rxf5 Ne7
24.Nxe7+ Qxe7 25.Raf1 Bxf5 26.Rxf5 Nc4 27.Bd4 Re8 28.Bxg7 Qxg7 29.c3 Re1+
30.Kf2 Qe7 31.Qd3 Nxb2 32.Qd5+ Kg7 33.Qd4+ Re5 34.Na5 Qe6 35.Rf6 Qd7 36.Nc6 Nd1+
37.Qxd1 Qxc6 38.Qd4 Qd7 39.Qxd6 Rf5+ 40.Ke3 Qxd6 41.Rxd6 a5 42.Ra6 a4 43.c4 bxc4  1/2-1/2

[Event "Maccabiah"]
[Site "Netanya"]
[Date "1993.??.??"]
[Round "9"]
[White "Zilberman, Yaacov"]
[Black "Polgar, Sofia"]
[Result "1/2-1/2"]
[WhiteElo "2475"]
[BlackElo "2430"]

1.c4 e6 2.Nc3 d5 3.d4 c6 4.Qb3 dxc4 5.Qxc4 b5 6.Qd3 Ba6 7.Qd1 b4 8.Na4 Nf6
9.Nf3 Bb5 10.Bd2 Ne4 11.e3 Bxf1 12.Rxf1 Qd5 13.Qc2 Nd7 14.Rc1 c5 15.Nxc5 Bxc5
16.dxc5 Ndxc5 17.Ke2 Qb7 18.Qc4 a5 19.Rfd1 Na4 20.Qc2 Qb5+ 21.Ke1 Nac5 22.Nd4 Nd3+
23.Kf1 Qa6 24.Qa4+ Ke7 25.Rc7+ Kf6 26.Kg1 Rhc8 27.Rxc8 Rxc8 28.Ra1 Nxd2 29.Qd1 e5
30.Qxd2 exd4 31.exd4 Qc4 32.h4 Ke7 33.Rd1 Nc1 34.b3 Qc2 35.Qg5+ Kf8 36.Re1 h6
37.Qxa5 Qd2 38.Qe5 Nd3 39.Qe7+ Kg8 40.Rf1 Nxf2 41.Qb7 Rc2 42.Qa8+ Kh7 43.Qf3 Qxd4
44.Qf5+ Kg8 45.Qxc2 Nd1+ 46.Kh2 Qxh4+ 47.Kg1 Qd4+ 48.Kh1 Qh4+ 49.Kg1 Qd4+
50.Kh1  1/2-1/2

[Event "Oviedo rapid"]
[Site "Oviedo"]
[Date "1993.??.??"]
[Round "3"]
[White "Vaisser, Anatoli"]
[Black "Polgar, Sofia"]
[Result "0-1"]
[WhiteElo "2580"]
[BlackElo "2430"]

1.d4 Nf6 2.c4 c5 3.d5 b5 4.cxb5 a6 5.f3 g6 6.e4 d6 7.a4 Bg7 8.Na3 O-O 9.Ne2 e6
10.Nc3 exd5 11.Nxd5 Nxe4 12.fxe4 Qh4+ 13.Kd2 Qxe4 14.Qf3 Bh6+ 15.Kc3 Qe1+
16.Kb3 Bxc1 17.Bc4 Qxh1 18.Ne7+ Kg7 19.Qc3+ f6 20.Rxc1 Qxh2 21.Re1 axb5 22.axb5 Bb7
23.Nf5+ gxf5 24.Re7+ Kg6 25.Rxb7 Qxg2 26.Re7 d5 27.Bf1 Qg4 28.Qxc5 Qd1+ 29.Nc2 Qxf1
30.Qxd5 Ra5 31.Kb4 Nc6+ 32.Qxc6 Rfa8 33.Qd5 Qf4+ 34.Kc3 Rc8+ 35.Kd3 Qf1+
36.Ke3 f4+ 37.Kd2 Qf2+ 38.Re2 Rxc2+  0-1

[Event "Oviedo rapid"]
[Site "Oviedo"]
[Date "1993.??.??"]
[Round "4"]
[White "Polgar, Sofia"]
[Black "Neverov, Valeriy"]
[Result "0-1"]
[WhiteElo "2430"]
[BlackElo "2535"]

1.e4 c5 2.Nf3 d6 3.d4 cxd4 4.Nxd4 Nf6 5.Nc3 a6 6.f4 e5 7.Nf3 Nbd7 8.a4 Be7
9.Bc4 Qa5 10.Bd2 O-O 11.g4 Qc5 12.Qe2 Nb6 13.Ba2 Bxg4 14.O-O-O Rac8 15.Be3 Qb4
16.Bxb6 Qxb6 17.h3 Rxc3 18.bxc3 Bh5 19.Qd3 d5 20.exd5 e4 21.Qd4 Bc5  0-1

[Event "Oviedo rapid"]
[Site "Oviedo"]
[Date "1993.??.??"]
[Round "6"]
[White "Polgar, Sofia"]
[Black "Ubilava, Elizbar"]
[Result "0-1"]
[WhiteElo "2430"]
[BlackElo "2530"]

1.e4 c5 2.Nf3 d6 3.d4 cxd4 4.Nxd4 Nf6 5.Nc3 Nc6 6.Bc4 Na5 7.Be2 a6 8.f4 e5
9.Nf3 Qb6 10.Nd5 Nxd5 11.exd5 Bg4 12.fxe5 Bxf3 13.Bxf3 dxe5 14.c3 Bd6 15.Qe2 O-O
16.b4 Qc7 17.Qd3 f5 18.Be2 e4 19.Qd1 Nc4 20.Bxc4 Qxc4 21.Qb3 Rac8 22.Qxc4 Rxc4
23.Bb2 Be5 24.O-O-O Bxc3 25.Bxc3 Rxc3+ 26.Kb2 Rfc8 27.d6 Rc2+ 28.Kb1 Rxg2
29.Rd5 Kf7 30.Rxf5+ Ke6 31.Rc5 Rd8 32.Rc4 Rxd6 33.Rxe4+ Kf5 34.Re7 b5 35.Ra7 h5
36.Rf1+ Kg6 37.h4 Kh6 38.a3 Rh2 39.Rg1 g6 40.Ra8 Rxh4  0-1

[Event "Oviedo rapid"]
[Site "Oviedo"]
[Date "1993.??.??"]
[Round "9"]
[White "Ulibin, Mikhail"]
[Black "Polgar, Sofia"]
[Result "1-0"]
[WhiteElo "2560"]
[BlackElo "2430"]

1.d4 d5 2.c4 e6 3.Nf3 Nf6 4.g3 dxc4 5.Bg2 Nc6 6.O-O Rb8 7.Nc3 a6 8.e4 Be7
9.Qe2 b5 10.Rd1 b4 11.d5 exd5 12.Nxd5 Nxd5 13.exd5 Na5 14.Bg5 h6 15.Nd4 Kf8
16.Nc6 Nxc6 17.dxc6 Qe8 18.Bxe7+ Qxe7 19.Qxc4 Kg8 20.Re1 Qf6 21.Rad1 Be6
22.Bd5 Bxd5 23.Rxd5 Rb6 24.Rc1 Kh7 25.Rd7 Rc8 26.Rxf7 Qxb2 27.Rd1 Kh8 28.Rdd7  1-0

[Event "Oviedo rapid"]
[Site "Oviedo"]
[Date "1993.??.??"]
[Round "12"]
[White "Polgar, Sofia"]
[Black "Skripchenko, Almira"]
[Result "1-0"]
[WhiteElo "2430"]
[BlackElo "2165"]

1.e4 c5 2.Nf3 Nc6 3.Bb5 g6 4.O-O Bg7 5.c3 e5 6.d4 exd4 7.cxd4 Nxd4 8.Nxd4 Bxd4
9.Nc3 Ne7 10.Bh6 a6 11.Bc4 d6 12.Qb3 Be6 13.Bxe6 fxe6 14.Qxe6 Qd7 15.Qb3 O-O-O
16.Rad1 Nc6 17.Nd5 Kb8 18.Be3 Rhf8 19.Qd3 Rde8 20.a3 Qe6 21.Bxd4 Nxd4 22.f3 g5
23.Rfe1 Qg6 24.Kh1 Re5 25.b4 g4 26.f4 Rh5 27.Qg3 Rxd5 28.exd5 Rf5 29.bxc5 dxc5
30.Re5 h5 31.d6 Rf7 32.Rxc5 Qxd6 33.Rc4 Rxf4  1-0

[Event "Oviedo rapid"]
[Site "Oviedo"]
[Date "1993.??.??"]
[Round "13"]
[White "Rivas Pastor, Manuel"]
[Black "Polgar, Sofia"]
[Result "0-1"]
[WhiteElo "2530"]
[BlackElo "2430"]

1.d4 d5 2.Nf3 Nf6 3.g3 c6 4.Bg2 Bf5 5.O-O e6 6.Nbd2 h6 7.b3 Nbd7 8.Bb2 Be7
9.c4 O-O 10.Ne5 Nxe5 11.dxe5 Nd7 12.e4 dxe4 13.Nxe4 Nc5 14.Nd6 Bxd6 15.Qxd6 Qa5
16.Bd4 Nd3 17.Qe7 Qd8 18.Bc5 Nxc5 19.Qxc5 Qb6 20.Qe3 Qxe3 21.fxe3 Rfd8 22.Rad1 Kf8
23.Rd6 Ke7 24.c5 f6 25.e4 Bg6 26.Bh3 Bf7 27.exf6+ gxf6 28.Rf4 a5 29.a3 h5
30.Kf2 Rxd6 31.cxd6+ Kxd6 32.Rxf6 Ke7 33.Rf3 Rd8 34.Ke3 Rd1 35.Bf1 b5 36.Kf4 Ra1
37.b4 axb4 38.axb4 Rb1 39.Ke5 Rxb4 40.Rc3 Be8 41.h4 Ra4 42.Rb3 b4 43.Kd4 Ra5
44.Bc4 e5+ 45.Kd3 c5 46.Bd5 Ra1 47.Rb2 Bb5+ 48.Ke3 Ra3+ 49.Kf2  0-1

[Event "Women-Veterans"]
[Site "Vienna"]
[Date "1993.??.??"]
[Round "?"]
[White "Ivkov, Borislav"]
[Black "Polgar, Sofia"]
[Result "1/2-1/2"]
[WhiteElo "2505"]
[BlackElo "2415"]

1.e4 c5 2.Nf3 Nc6 3.Bb5 e6 4.O-O Nge7 5.Re1 a6 6.Bxc6 Nxc6 7.d4 cxd4 8.Nxd4 Qb6
9.Nxc6 Qxc6 10.Nc3 Qc7 11.Nd5 Qc6 12.Bf4 Bd6 13.Qd4 Kf8 14.Nb4 Bxb4 15.Qxb4+ Ke8
16.a4 f6 17.Bd6 a5 18.Qd2 Ra6 19.e5 fxe5 20.Bxe5 d6 21.Bxg7 Rg8 22.Qh6 Qd7
23.Bc3 Qf7 24.Re3 e5 25.Rg3 Rxg3 26.fxg3 Qg6 27.Qd2 Bf5 28.Rf1 Bxc2 29.Qf2 Bb3
30.h3 Kd7 31.g4 Bd5 32.Rd1 Qe4 33.Rd2 Ra8 34.Re2 Qg6 35.Rd2 Qe4 36.Re2 Qg6
37.Rd2 Qe4  1/2-1/2

[Event "Women-Veterans"]
[Site "Vienna"]
[Date "1993.??.??"]
[Round "?"]
[White "Dueckstein, Andreas"]
[Black "Polgar, Sofia"]
[Result "1/2-1/2"]
[WhiteElo "2350"]
[BlackElo "2415"]

1.e4 c5 2.Nf3 e6 3.c3 d5 4.exd5 Qxd5 5.d4 Nf6 6.Na3 a6 7.Nc4 Nbd7 8.Be2 b5
9.Nce5 Bb7 10.O-O h6 11.c4 bxc4 12.Bxc4 Qd6 13.Qa4 cxd4 14.Rd1 Qb4 15.Bb3 Bc5
16.Nxd4 Qxa4 17.Bxa4 Bd5 18.Be3 Bd6 19.Nxd7 Nxd7 20.Rac1 Be5 21.f4 Bxd4 22.Bxd4 Kd8
23.Bc6 Bxc6 24.Rxc6 Rg8 25.Rd6 Ke7 26.Bxg7 Rxg7 27.Rxd7+ Kf6 28.Rc7 Rb8 29.b3 Rb4
30.Ra7 Rxf4 31.Rxa6 Rg5 32.g3 h5 33.Rad6 h4 34.R6d3 e5 35.Kg2 h3+ 36.Kxh3 Rf2
37.g4 e4 38.Re3 Ke5 39.Rde1 Rf4 40.Rg3 Rf2 41.Rge3 Rf4 42.Rg3 Rf2  1/2-1/2

[Event "Women-Veterans"]
[Site "Vienna"]
[Date "1993.??.??"]
[Round "?"]
[White "Polgar, Sofia"]
[Black "Olafsson, Fridrik"]
[Result "1-0"]
[WhiteElo "2415"]
[BlackElo "2485"]

1.e4 c5 2.Nf3 Nc6 3.d4 cxd4 4.Nxd4 g6 5.c4 Bg7 6.Be3 Nf6 7.Nc3 O-O 8.Be2 b6
9.f4 Nxd4 10.Bxd4 Bb7 11.e5 Ne8 12.Bf3 Bxf3 13.Qxf3 Nd6 14.exd6 Bxd4 15.O-O-O Bxc3
16.Qxc3 Rc8 17.Kb1 exd6 18.h4 b5 19.Rxd6 Rxc4 20.Qd3 Re8 21.h5 Qe7 22.a4 Re4
23.hxg6 hxg6 24.Qd5 Re6 25.Rxe6 Qxe6 26.Qxb5 Qe4+ 27.Ka2 Qxf4 28.Qxd7 Rb8
29.Qc6 Qd4 30.Qc2 a5 31.Rh3 Rd8 32.Qb3 Qe5 33.Qb5 Qe6+ 34.Rb3 Rd5 35.Qc4 Qd6
36.Qc8+ Kg7 37.Rh3 Rh5 38.Rxh5 gxh5 39.Qc3+ Kg6 40.Qxa5 Qe6+ 41.Ka3 Qe4 42.Qb6+ f6
43.Qb3 h4 44.a5 Qe2 45.Qd5 f5 46.Qc6+ Kg5 47.a6 h3 48.gxh3 f4 49.Ka2 Qe3
50.Qb7 Qd4 51.Ka3 Qd3+ 52.b3 Qc3 53.Qe7+ Kh5 54.Ka4 f3 55.a7 Qc6+ 56.Ka3 Qc1+
57.Kb4 Qd2+  1-0

[Event "Women-Veterans"]
[Site "Vienna"]
[Date "1993.??.??"]
[Round "?"]
[White "Polgar, Sofia"]
[Black "Ivkov, Borislav"]
[Result "1-0"]
[WhiteElo "2415"]
[BlackElo "2505"]

1.e4 c5 2.Nf3 Nc6 3.Bb5 e6 4.Bxc6 bxc6 5.O-O Ne7 6.b3 Ng6 7.Bb2 f6 8.d4 cxd4
9.Qxd4 Be7 10.c4 d6 11.Nc3 O-O 12.Rad1 Qa5 13.Qd2 Rd8 14.Nd4 Qc7 15.f4 e5
16.Nde2 exf4 17.Nxf4 Nxf4 18.Qxf4 Qa5 19.Rd3 Be6 20.Rg3 Bf7 21.Ne2 Bg6 22.Qg4 Rf8
23.Bc3 Qxa2 24.Nd4 Qa6 25.h4 Qc8 26.Ne6 f5 27.exf5 Rxf5 28.Rxf5  1-0

[Event "Women-Veterans"]
[Site "Vienna"]
[Date "1993.??.??"]
[Round "?"]
[White "Smyslov, Vassily"]
[Black "Polgar, Sofia"]
[Result "1/2-1/2"]
[WhiteElo "2530"]
[BlackElo "2415"]

1.e4 c5 2.Nf3 Nc6 3.Bb5 e6 4.O-O Nge7 5.Nc3 a6 6.Bxc6 Nxc6 7.d4 cxd4 8.Nxd4 d6
9.Nxc6 bxc6 10.Qg4 Qf6 11.f4 Be7 12.e5 dxe5 13.Ne4 Qg6 14.Qxg6 hxg6 15.fxe5 Rh5
16.Bf4 Bb7 17.Rad1 Rd8 18.Rxd8+ Kxd8 19.b4 f6 20.Rd1+ Ke8 21.Nd6+ Bxd6 22.Rxd6 Ke7
23.Rd2 Bc8 24.c4 Rh8 25.a4 Rd8 26.Rxd8 Kxd8 27.h4 Kd7 28.Kf2 Bb7 29.g4 c5
30.b5 axb5 31.cxb5 f5 32.g5 Be4 33.Be3 c4 34.Bd2 Bc2 35.a5 Ba4 36.b6 Kc6
37.Ke3 Bc2 38.Kd4 Bd3 39.Kc3 Be2 40.Kb4 c3 41.Kxc3 Ba6 42.Kd4 Kb5 43.Ke3 Bb7
44.Kf4 Be4 45.Bb4 Bc6 46.Be1 Ka6 47.Bd2 Kb5 48.Ke3 Bb7 49.Kd4 Ba6 50.Be1 Bb7
51.Bf2 Ba6 52.h5 gxh5 53.g6 Bb7 54.Bh4 f4 55.Bf6 f3 56.Ke3 Ka6 57.Bxg7 Be4
58.Bh6 Bxg6 59.Kxf3 Bd3 60.Kg3 Be4 61.Be3 Kb7  1/2-1/2

[Event "Women-Veterans"]
[Site "Vienna"]
[Date "1993.??.??"]
[Round "?"]
[White "Olafsson, Fridrik"]
[Black "Polgar, Sofia"]
[Result "0-1"]
[WhiteElo "2485"]
[BlackElo "2415"]

1.c4 e6 2.g3 d5 3.Bg2 dxc4 4.Qa4+ Nd7 5.Qxc4 c5 6.Qb3 Rb8 7.d3 Bd6 8.Nc3 b5
9.a4 c4 10.dxc4 Nc5 11.Qd1 bxc4 12.Nb5 Rb6 13.Be3 Nb3 14.Bxb6 Bb4+ 15.Nc3 Qxb6
16.Rb1 Nf6 17.Nf3 Ne4 18.O-O Bxc3 19.Qc2 Nxf2 20.e3 Ng4 21.Qxc3 Nxe3 22.Kh1 O-O
23.Rfe1 Nxg2 24.Kxg2 Bb7 25.Rbd1 Rd8 26.Rxd8+ Qxd8 27.Kg1 Qd5 28.Qe5 Qd8
29.Qe3 h6 30.Rf1 Qd5 31.h4 f6 32.Kh2 e5 33.Qe2 Nd4 34.Nxd4 exd4 35.h5 Kh7
36.g4 d3 37.Qf2 Bc6 38.Qf5+ Qxf5 39.gxf5 Bxa4 40.Rf2 Bd1 41.Rd2 Bxh5 42.b3 Bf7
43.bxc4 Bxc4 44.Kg3 a5 45.Kf4 a4 46.Ke3 a3 47.Rd1 a2 48.Rg1 Bb5  0-1